| 000 | 00508cam a2200193ua 4500 | ||
|---|---|---|---|
| 020 |
_a0 85226 08 73 _c110.00 |
||
| 041 |
_aeng _h |
||
| 082 |
_a670 _bBRO/PR |
||
| 100 | _aBrownell, Loyd E . | ||
| 245 |
_aProcess equipment design : vessel design / _cE Loyd Brownell. _hTextual Documents |
||
| 250 |
_a1 / _b. |
||
| 260 |
_aNew Delhi : _bWiley Eastern Ltd , _c1991. |
||
| 300 | _a408 ; . | ||
| 365 | _a110.00 | ||
| 504 | _a | ||
| 700 | 1 | _aYoung, Edwin.H . | |
| 942 | _cBK | ||
| 999 |
_c2293 _d2293 |
||